Obras completas. (Record no. 186352)
[ view plain ]
| 000 -LEADER | |
|---|---|
| campo de control de longitud fija | 00901nam a2200193 i 4500 |
| 001 - NÚMERO DE CONTROL | |
| campo de control | 186352 |
| 003 - IDENTIFICADOR DE NÚMERO DE CONTROL | |
| campo de control | SpMaBN |
| 005 - FECHA Y HORA DE LA ÚLTIMA TRANSACCIÓN | |
| campo de control | 20231224062935.0 |
| 008 - DATOS DE LONGITUD FIJA--INFORMACIÓN GENERAL | |
| campo de control de longitud fija | 161027s1949 sp |||| | spa d |
| 080 ## - NÚMERO DE LA CLASIFICACIÓN DECIMAL UNIVERSAL | |
| Número de la Clasificación Decimal Universal | 821.134.2-82"19" |
| 100 1# - ENTRADA PRINCIPAL--NOMBRE DE PERSONA | |
| Nombre de persona | Baroja, Pío, |
| Fechas asociadas al nombre | 1872-1956 |
| 9 (RLIN) | 25752 |
| 245 10 - MENCIÓN DEL TÍTULO | |
| Título | Obras completas. |
| Número de parte o sección de la obra | VII / |
| Mención de responsabilidad, etc. | Pío Baroja. |
| 260 ## - PUBLICACIÓN, DISTRIBUCIÓN, ETC. | |
| Lugar de publicación, distribución, etc. | Madrid : |
| Nombre del editor, distribuidor, etc. | Biblioteca Nueva, |
| Fecha de publicación, distribución, etc. | 1949 ( |
| Fabricante | Bolaños y Aguilar) |
| 300 ## - DESCRIPCIÓN FÍSICA | |
| Extensión | 1 v. (1364 p.) ; |
| Dimensiones | 22 cm. |
| 505 8# - NOTA DE CONTENIDO CON FORMATO | |
| Nota de contenido con formato | Contiene: v. 7 ; |
| Título | Susana y los cazadores de moscas ; |
| -- | Los impostores joviales y el tesoro del holandés. Yan-Si-Pao, o la svástica de oro. Los buscadores de tesoros ; |
| -- | Laura, o La soledad sin remedio ; |
| -- | El caballero de Erláiz - Memorias: ; |
| -- | Desde la última vuelta del camino |
| 597 ## - NOTA DE DESCRIPCIÓN FÍSICA | |
| NOTA DE DESCRIPCIÓN FÍSICA | Texto a 2 columnas. |
| 852 ## - LOCALIZACIÓN | |
| Ubicación | ES-MaACL |
| Número de control de estantería | L-30713 |
| Nota libre | - Enc. piel edit. |
| -- | . - Donat. Miguel A. Velasco |
| Encuadernación | Olim: D-5303 |
| Estatus retirado | Estado de pérdida | Estado de daño | No para préstamo | Biblioteca de origen | Biblioteca actual | Ubicación en estantería | Fecha de adquisición | Fuente de adquisición | Total de préstamos | Signatura topográfica completa | Código de barras | Visto por última vez | Precio de reemplazo | Tipo de ítem Koha |
|---|---|---|---|---|---|---|---|---|---|---|---|---|---|---|
| Biblioteca del Ateneo de Madrid | Biblioteca del Ateneo de Madrid | Depósito 2 | 27/10/2016 | L-30713 | 1196501 | 23/02/2023 | 23/02/2023 | Libro impreso |
